Highly illogical behavior (Record no. 26404)

000 -LEADER
fixed length control field 00331nam a2200133Ia 4500
008 - FIXED-LENGTH DATA ELEMENTS--GENERAL INFORMATION
fixed length control field 230413s9999||||xx |||||||||||||| ||und||
020 ## - INTERNATIONAL STANDARD BOOK NUMBER
International Standard Book Number 9780571330447
082 ## - DEWEY DECIMAL CLASSIFICATION NUMBER
Classification number 813.6
Item number W5524
100 ## - MAIN ENTRY--PERSONAL NAME
Personal name Whaley, John Corey
245 #0 - TITLE STATEMENT
Title Highly illogical behavior
260 ## - PUBLICATION, DISTRIBUTION, ETC. (IMPRINT)
Place of publication, distribution, etc London
Name of publisher, distributor, etc Faber & Faber
Date of publication, distribution, etc 2016
300 ## - PHYSICAL DESCRIPTION
Extent 249 p.
942 ## - ADDED ENTRY ELEMENTS (KOHA)
Item type Books
Holdings
Withdrawn status Lost status Damaged status Not for loan Permanent location Current location Date acquired Source of acquisition Total Checkouts Total Renewals Full call number Barcode Date last seen Date last borrowed Koha item type
        IMU Kolkata IMU Kolkata 2023-04-13 Gifted by Shailendra S Kathait (6049) 2 2 813.6 W5524 G00669 2025-09-03 2025-08-20 Books
Designed and Maintained by IMU-KC Library, Kolkata Campus © Copyright All Rights Reserved

webs counters

Powered by Koha